Hamburg S-Bahn and U-Bahn Stations - Statistics

General Stats
  • This quiz has been taken 369 times
    158 since last reset
  • The average score is 69 of 155
Answer Stats
Answer % Correct
Hauptbahnhof
93%
Hauptbahnhof Nord
93%
Hauptbahnhof Süd
93%
Altona
89%
Jungfernstieg
88%
Landungsbrücken
85%
Berliner Tor
79%
Sternschanze
79%
Dammtor
75%
Reeperbahn
75%
Barmbek
72%
Blankenese
71%
Harburg
71%
St. Pauli
71%
Hamburg Airport (Flughafen)
68%
Poppenbüttel
68%
Rathaus
68%
Wedel
68%
Pinneberg
64%
Veddel
64%
Ohlsdorf
63%
Schlump
63%
Hammerbrook
62%
Bergedorf
61%
Stadthausbrücke
60%
Wilhelmsburg
60%
Elbbrücken
59%
Stade
59%
Stellingen
59%
Diebsteich
57%
Königstraße
57%
Mümmelmannsberg
57%
Norderstedt Mitte
57%
Baumwall
56%
Harburg Rathaus
56%
Billstedt
55%
Hagenbecks Tierpark
55%
Mundsburg
55%
Buxtehude
54%
Kellinghusenstraße
54%
Niendorf Nord
54%
Othmarschen
54%
Ottensen
54%
Bahrenfeld
53%
Eidelstedt
53%
HafenCity Universität
53%
Holstenstraße
53%
Neugraben
53%
Überseequartier
53%
Wandsbek Markt
53%
Mönckebergstraße
52%
Stephansplatz
52%
Klein Flottbek
51%
Niendorf Markt
51%
Rissen
51%
Wandsbek Gartenstadt
51%
Elbgaustraße
50%
Meßberg
50%
Feldstraße
48%
Steinstraße
48%
Aumühle
47%
Eppendorfer Baum
47%
Gänsemarkt
47%
Lübecker Straße
47%
Farmsen
46%
Fuhlsbüttel
46%
Volksdorf
46%
Klosterstern
45%
Wandsbeker Chaussee
45%
Berne
44%
Hoheluftbrücke
44%
Horner Rennbahn
44%
Alte Wöhr
43%
Messehallen
43%
Ochsenzoll
43%
Rauhes Haus
43%
Allermöhe
42%
Borgweg
42%
Langenfelde
42%
Ohlstedt
42%
Rödingsmarkt
42%
Sengelmannstraße
42%
Alsterdorf
41%
Hamburger Straße
41%
Lattenkamp
41%
Garstedt
40%
Wellingsbüttel
40%
Fischbek
39%
Großhansdorf
39%
Hasselbrook
39%
Ahrensburg Ost
38%
Ahrensburg West
38%
Burgstraße
38%
Christuskirche
38%
Hammer Kirche
38%
Iserbrook
38%
Landwehr
38%
Langenhorn Markt
38%
Saarlandstraße
38%
Sierichstraße
38%
Tiefstack
38%
Rothenburgsort
37%
Sülldorf
37%
Hochkamp
36%
Neuwiedenthal
36%
Fuhlsbüttel Nord
35%
Heimfeld
35%
Krupunder
35%
Langenhorn Nord
34%
Osterstraße
34%
Uhlandstraße
34%
Hagendeel
33%
Hallerstraße
33%
Reinbek
33%
Billwerder Moorfleet
32%
Hudtwalckerstraße
32%
Kiekut
32%
Lohmühlenstraße
32%
Wartenau
32%
Rübenkamp
31%
Emilienstraße
30%
Habichtstraße
30%
Halstenbek
30%
Legienstraße
29%
Mittlerer Landweg
29%
Neu Wulmstorf
29%
Richtweg
29%
Ritterstraße
29%
Trabrennbahn
29%
Friedrichsberg
28%
Joachim-Mähl-Straße
27%
Agathenburg
26%
Alter Teichweg
26%
Klein Borstel
26%
Straßburger Straße
26%
Kiwittsmoor
25%
Lutterothstraße
25%
Meiendorfer Weg
25%
Nettelnburg
25%
Oldenfelde
24%
Dehnhaide
23%
Kornweg
22%
Thesdorf
22%
Buckhorn
21%
Dollern
21%
Hoisbüttel
21%
Horneburg
21%
Schippelsweg
21%
Schmalenbeck
21%
Wohltorf
21%
Hoheneichen
20%
Buchenkamp
19%
Steinfurther Allee
17%
Neukloster
15%
Merkenstraße
13%
No matching quizzes found
Score Distribution
Percent of People with Each Score
Percentile by Number Answered
Your Score History
You have not taken this quiz since the last reset